000 00322nam a2200145Ia 4500
003 OSt
008 191201s2012 xx 000 0 und d
082 _a657.3
_bGOF
100 _aGOYAL, V K
245 0 _aFinancial Accounting for BBA
260 _aNew Delhi
_bPHI
_c2012
300 _a587
650 _aBBA
942 _2ddc
_cBK
999 _c5956
_d5956